| 000 | 00481 a2200193 4500 | ||
|---|---|---|---|
| 005 | 20250226100619.0 | ||
| 008 | 250226b |||||||| |||| 00| 0 eng d | ||
| 020 |
_a9789332901704 _cRs. 895.00 |
||
| 040 | _aMAIN | ||
| 082 |
_a551.49 _bB665G |
||
| 100 | _aBouwer, Herman | ||
| 245 | _aGroundwater hydrology | ||
| 260 |
_bMcGraw hill education _c2017 _aChennai |
||
| 300 | _axii, 480 | ||
| 650 | _aGroundwater | ||
| 650 | _aHydrology | ||
| 650 | _aEngineering | ||
| 942 | _cBK | ||
| 999 |
_c386487 _d386487 |
||